|
|
|
|
| LEADER |
02108nam a2200481 4500 |
| 001 |
ocn843116718 |
| 003 |
OCoLC |
| 005 |
20170124071326.9 |
| 006 |
m o d |
| 007 |
cr cnu|||unuuu |
| 008 |
130515s2012 iau of 000 0 eng d |
| 040 |
|
|
|a DG1
|b eng
|e rda
|c DG1
|d CUS
|d CUI
|d NOC
|d OCLCO
|d OCLCF
|d OCLCO
|d OCLCQ
|d YDXCP
|d OCL
|d GrThAP
|
| 019 |
|
|
|a 902649382
|
| 020 |
|
|
|a 9781118703922
|q (electronic bk.)
|
| 020 |
|
|
|a 1118703928
|q (electronic bk.)
|
| 020 |
|
|
|z 9781118690604
|q (print)
|
| 020 |
|
|
|z 1118690605
|
| 029 |
1 |
|
|a AU@
|b 000051629245
|
| 029 |
1 |
|
|a NZ1
|b 15340579
|
| 029 |
1 |
|
|a GBVCP
|b 790207516
|
| 029 |
1 |
|
|a DEBBG
|b BV043395860
|
| 035 |
|
|
|a (OCoLC)843116718
|z (OCoLC)902649382
|
| 050 |
|
4 |
|a HG177
|b .S83 2012
|
| 082 |
0 |
4 |
|a 658.15/224
|2 23
|
| 049 |
|
|
|a MAIN
|
| 245 |
0 |
0 |
|a Successful capital campaigns :
|b from start to finish.
|
| 250 |
|
|
|a 3rd edition.
|
| 264 |
|
1 |
|a Sioux City, Iowa :
|b Stevenson, Inc.,
|c [2012]
|
| 300 |
|
|
|a 1 online resource (67 pages)
|
| 336 |
|
|
|a text
|b txt
|2 rdacontent
|
| 337 |
|
|
|a computer
|b c
|2 rdamedia
|
| 338 |
|
|
|a online resource
|b cr
|2 rdacarrier
|
| 500 |
|
|
|a "Edited by Scott C. Stevenson"--Running title area.
|
| 505 |
0 |
|
|a Pre-Campaign. Where it All Begins -- How Ready are You ... Really? -- Setting the Size, Scope and Campaign Duration -- Bringing Structure and Organization to Your Effort -- The Quiet (Lead Gift) Phase -- Campaign. Publicly Announcing Your Campaign ... with Enthusiasm -- Communications Crucial to Maintaining Momentum -- Post-Campaign. Bringing the Campaign to a Successful Close -- Capital Campaign Case Studies.
|
| 588 |
0 |
|
|a Online resource; title from PDF title page (Wiley, viewed on May 15, 2013).
|
| 650 |
|
0 |
|a Fund raising
|v Handbooks, manuals, etc.
|
| 650 |
|
7 |
|a Fund raising.
|2 fast
|0 (OCoLC)fst00936143
|
| 655 |
|
4 |
|a Electronic books.
|
| 655 |
|
7 |
|a Handbooks and manuals.
|2 fast
|0 (OCoLC)fst01423877
|
| 700 |
1 |
|
|a Stevenson, Scott C.,
|e editor.
|
| 776 |
0 |
8 |
|c Original
|z 9781118690604
|z 1118690605
|w (OCoLC)828181959
|
| 856 |
4 |
0 |
|u https://doi.org/10.1002/9781118703922
|z Full Text via HEAL-Link
|
| 994 |
|
|
|a 92
|b DG1
|